La Inversión estatal en Educación superior en Costa Rica: notas sobre la evolución, situación actual y perspectivas
Збережено в:
| Автор: | |
|---|---|
| Співавтор: | |
| Формат: | Текст |
| Мова: | Spanish |
| Опубліковано: |
Heredia:
UNA
|
| Теги: |
Додати тег
Немає тегів, Будьте першим, хто поставить тег для цього запису!
|
MARC
| LEADER | 00000 a a2200000 04500 | ||
|---|---|---|---|
| 001 | 26638 | ||
| 003 | cru CIDCACS/IIS | ||
| 005 | 20231019105843.0 | ||
| 008 | 231011b |||||||| |||| 00| 0 spa d | ||
| 020 | |a 9968-14-013-9 | ||
| 040 | |c cru CIDCACS/IIS | ||
| 090 | |a 149200 | ||
| 100 | |a Mora A, Jorge | ||
| 110 | |a Universidad Nacional (Costa Rica) | ||
| 245 | |a La Inversión estatal en Educación superior en Costa Rica: notas sobre la evolución, situación actual y perspectivas | ||
| 260 | |a Heredia: |b UNA | ||
| 300 | |a 58 p |b **no definido** |b fonodiscos | ||
| 942 | |2 z |c LI | ||
| 999 | |c 12024 |d 12024 | ||



